| 000 | 00606nam a22001577a 4500 | ||
|---|---|---|---|
| 005 | 2012041309259.0 | ||
| 020 |
_a0195644549 _c295.00 |
||
| 035 | _aA-936279 | ||
| 037 |
_aDPL _bENG |
||
| 245 |
_aOxford in India readings in sociology and social anthropology : _bSocial ecology / _cedited by Ramachandra Guha |
||
| 260 |
_aDelhi _bOxford University Press _c1998 |
||
| 300 |
_a398p. _c20 cms. |
||
| 700 |
_aGuha, Ramachandra _945072 |
||
| 942 |
_2ddc _cEN _h304.2 _mGUH |
||
| 999 |
_c64973 _d64973 |
||